| 000 | 00571nam a22001937a 4500 | ||
|---|---|---|---|
| 999 |
_c6095 _d6095 |
||
| 003 | AR-CdUCM | ||
| 008 | 190313b ||||| |||| 00| 0 spa d | ||
| 040 |
_aMUNICIPALIDAD PROVINCIAL DEL CUSCO _cBIBLIOTECA MUNICIPAL DEL CUSCO |
||
| 082 |
_a871.2 / _bOV93 |
||
| 100 |
_aOvidio Nasón, Publio _917717 |
||
| 245 | _aEl arte de amar / | ||
| 260 |
_aBuenos Aires : _bTor, _c1942. |
||
| 300 |
_a187 páginas ; _c18.5 cm. |
||
| 500 | _aDonación familia Nieto | ||
| 650 |
_aPoesías latinas _917718 |
||
| 650 |
_aTiras cómicas _917719 |
||
| 942 |
_2ddc _cLIBROS |
||
| 945 | _aafb | ||